Handwerk in der Gründungsstadt Kolberg

Titel: Handwerk in der Gründungsstadt Kolberg : Bemerkungen zu den Möglichkeiten der archäologischen Forschungen
Verfasser:
In: Handwerk - Stadt - Hanse, (2000), Seite 37-52, 8 Abb.
alle Artikel anzeigen
Veröffentlicht: 2000
Format: Aufsatz
Sprache: Deutsch
Kein Bild verfügbar
X
alg: 39148874
001A    $01999:11-11-16 
001B    $01999:25-04-21 $t10:52:13.000 
001D    $01999:11-11-16 
001U    $0utf8 
001X    $00 
002@    $0Aox 
003@    $0391488740 
007A    $0391488740 $aHEB 
007T    $0Herd39537 
010@    $ager 
011@    $a2000 
021A    $aHandwerk in der Gründungsstadt Kolberg $dBemerkungen zu den Möglichkeiten der archäologischen Forschungen 
028A    $aRębkowski $dMarian 
031A    $h37-52, 8 Abb. $j2000 
039B    $aIn $8--Aau--. Handwerk - Stadt - Hanse. - Frankfurt am Main {[u.a.] : Lang, 2000. - 253 S.. - ISBN 3-631-36400-8 $x200000000000000963 $9093356331 
045F    $a330.0943816 $eDDC23BSB 
045F/01 $a330.09 
045F/03 $g43816 

lok: 39148874 78

exp: 39148874 78 1 #EPN
201B/01 $027-06-18 $t23:05:07.000 
201U/01 $0utf8 
203@/01 $0787582867 
208@/01 $a11-11-16 $be 
209A/01 $a/ $f000 $x00 
220C/01 $aTitelaufnehmer: js;nk 
244Z/01 $2Trx $#Pomeranija $#Pommern $#Pomoransko $#Pomořansko $#Hinterpommern;Vorpommern;Mittelpommern $#Pomorze Środkowe;Pomorze Przednie $#Pomořansko;Západní Pomořany; Pomořany $8--Trx--Pomorze Zachodnie $x01 $9391303775 
244Z/01 $#Kolberg $75057070-5 $8--Tg1--Kołobrzeg $x02 $9044717024 
244Z/01 $aGeschichte 1300-1500 $x03 
244Z/01 $2Trx $#käsitöö $#amatai $#artisans $#kézmüvesség $#rzemiosło $#remeslá $#řemesla $#Gewerbe $#živnosti $8--Trx--Handwerk $x04 $9391357891 
244Z/01 $2Trx $#arheoloogia keskaeg $#viduramžių archeologija $#archaeology Middle Ages $#régészet középkor $#archeologia średniowieczna $#archeológia stredoveká $#archeologie středověká $#Mittelalterliche Archäologie $8--Trx--Archäologie$gMittelalter $x05 $9391375288 
244Z/01 $2Trx $8--Trx--Einzelbeiträge $x06 $9391384570 
245Z/01 $a13.03 $x01 
245Z/01 $a09.04 $x02 
247C/01 $82080>Marburg/Lahn, Herder-Institut, Forschungsbibliothek, Bibliographieportal $9336309341
LEADER 00000caa a22000002c 4500
001 391488740
003 DE-603
005 20210425105213.0
007 tu
008 161111s2000 xx |||| | u00||u|ger c
035 |a (DE-599)HEB391488740 
040 |a DE-603  |b ger  |c DE-603  |d DE-603 
041 |a ger 
082 0 4 |8 1\u  |a 330.0943816  |q DE-101  |2 23/BSB 
085 |8 1\u  |b 330.09 
085 |8 1\u  |z 2  |s 43816 
100 1 |a Rębkowski, Marian 
245 0 0 |a Handwerk in der Gründungsstadt Kolberg  |b Bemerkungen zu den Möglichkeiten der archäologischen Forschungen 
264 0 |c 2000 
773 0 8 |i In  |t Handwerk - Stadt - Hanse  |d Frankfurt am Main ˜[u.a.] œ: Lang, 2000  |h 253 S., 23 cm  |z 3631364008  |g (2000), Seite 37-52, 8 Abb.  |w (DE-603)093356331 
924 0 |9 2080  |a (DE-603)787582867  |b DE-2080  |c HES  |d d  |g /